|
|
|
|
| LEADER |
00000nam a22000007a 4500 |
| 005 |
20120705153855.0 |
| 007 |
cr|||| |||| |
| 008 |
120705s2009 co |||||s|||| 00||0 spa d |
| 020 |
|
|
|a 978-958-738-059-0
|
| 035 |
|
|
|a 6355
|
| 040 |
|
|
|a vLex
|
| 090 |
|
|
|c 3266
|d 3266
|
| 100 |
1 |
|
|a Quinche Ramr̕ez, Manuel Fernando
|
| 245 |
1 |
0 |
|a Derecho Constitucional Colombiano de la carta de 1991 y sus reformas
|h [Recurso electrn̤ico] /
|c Manuel Fernando Quinche Ramr̕ez
|
| 256 |
|
|
|a Servicio en ln̕ea
|
| 260 |
|
|
|a Bogot ̀:
|b Editorial Universidad de Rosario (Colombia),
|c 2009
|
| 300 |
|
|
|a 1 recurso electrn̤ico
|
| 506 |
1 |
|
|a Contenido solo disponible en los productos indicados
|d vLex Global
|d vLex Global (Academic Edition, excluding Law Schools)
|d vLex Global (U.S. Academic Edition, Law Schools)
|d vLex Global (U.S. Academic Edition, excluding Law Schools)
|d vLex Global (Academic Edition, Law Schools)
|
| 650 |
0 |
4 |
|a Derecho Constitucional
|z Colombia
|
| 740 |
0 |
|
|a vLex Libros (Servicio en ln̕ea)
|
| 856 |
4 |
0 |
|u http://vlex.com/source/derecho-constitucional-colombiano-carta-1991-reformas-6355
|z Acceso restringido
|
| 942 |
|
|
|c BOOK
|
| 999 |
0 |
|
|a Constitutional law
|